000 00920nac a22002171u 4500
008 081214t xxu||||| |||| 00| 0 eng d
010 _a013537642
020 _a1845112709
020 _a9781845112707
082 _a320.956
_bJON
100 _aJones, Jeremy,
_920657
245 _aNegotiating Change :
_bThe New Politics of the Middle East /
_cJeremy Jones.
260 _aLondon :
_bI. B. Tauris, 2007.
_c2007.
300 _a282 p. ;
_c 22 cm.
490 _a( Library of modern Middle East studies ; 58)
_920658
504 _aIncludes bibliographical references and index.
650 _aDemocracy -- Middle East.
_920659
650 _aMiddle East -- Politics and government -- 1979-
_920660
942 _cNB
_k320.956 JON
_2ddc
999 _c5037
_d5037